Tous les vainqueurs de la Coupe du Monde des Clubs - Statistiques

Statistiques générales
  • Ce quiz a été pris 78 fois
    20 depuis la dernière actualisation
  • Le résultat moyen est 14 sur 21
Statistiques - réponses
Années Clubs % Correct
2023 Manchester City
88%
2017 Real Madrid
88%
2025 Chelsea FC
82%
2009 FC Barcelone
82%
2011 FC Barcelone
82%
2015 FC Barcelone
82%
2016 Real Madrid
82%
2018 Real Madrid
82%
2022 Real Madrid
82%
2020 Bayern Munich
76%
2019 Liverpool FC
76%
2014 Real Madrid
76%
2013 Bayern Munich
71%
2021 Chelsea FC
71%
2010 Inter Milan
65%
2008 Manchester United
59%
2007 AC Milan
47%
2000 SC Corinthians
29%
2012 SC Corinthians
29%
2005 São Paulo FC
18%
2006 SC Internacional
12%
Aucun quiz correspondant
Distribution des résultats
% des personnes avec chaque résultat
Percentile par nombre de réponses
Votre historique - résultats
Vous n’avez pas pris ce quiz depuis la dernière actualisation